Biện pháp quản lý của Trưởng bộ môn ở trường Cao đẳng Giao thông vận tải II Đà Nẵng

Cơ sở lý luận của vấn đề nghiên cứu. Thực trạng các biện pháp quản lý Tổ bộ môn ở Trường Cao đẳng GTVT Đà Nẵng. Các biện pháp quản lý của Trưởng bộ môn ở trường Cao đẳng GTVT II Đà Nẵng nhằm nâng cao chất lượng đào tạo....

पूर्ण विवरण

में बचाया:
ग्रंथसूची विवरण
मुख्य लेखक: Đoàn Thị Ngọc Bích
अन्य लेखक: Phan Minh Tiến TS (Hướng dẫn)
स्वरूप: पुस्तक
भाषा:Vietnamese
प्रकाशित: Đà Nẵng Đại học Đà Nẵng 2009
विषय:
टैग : टैग जोड़ें
कोई टैग नहीं, इस रिकॉर्ड को टैग करने वाले पहले व्यक्ति बनें!
Thư viện lưu trữ: Mạng thư viện Đại học Đà Nẵng
LEADER 01740nam a2200349 4500
001 000010831
003 7051
005 20111222101245.0
008 111222s2009 viesd
041 |a vie 
072 |a Luận văn Thạc sĩ khoa học giáo dục 
082 |a 378.107  |b ĐO-B 
100 1 |a Đoàn Thị Ngọc Bích 
245 1 |a Biện pháp quản lý của Trưởng bộ môn ở trường Cao đẳng Giao thông vận tải II Đà Nẵng  |c Đoàn Thị Ngọc Bích 
260 |a Đà Nẵng  |b Đại học Đà Nẵng  |c 2009 
300 |a 96 tr.  |c 29 cm  |e 1 tóm tắt 
500 |a Luận văn Thạc sĩ Khoa học giáo dục. Chuyên ngành: Quản lý giáo dục. Mã số: 60.14.05 
520 |a Cơ sở lý luận của vấn đề nghiên cứu. Thực trạng các biện pháp quản lý Tổ bộ môn ở Trường Cao đẳng GTVT Đà Nẵng. Các biện pháp quản lý của Trưởng bộ môn ở trường Cao đẳng GTVT II Đà Nẵng nhằm nâng cao chất lượng đào tạo. 
653 |a Biện pháp quản lý trưởng bộ môn 
653 |a Luận văn Thạc sĩ Khoa học giáo dục 
653 |a Trường Cao đẳng GTVT II Đà Nẵng 
700 1 |a Phan Minh Tiến  |c TS  |e Hướng dẫn 
OWN |a LSP 
AVA |a UDN50  |b LSP  |d 378.107 ĐO-B  |e available  |t Error 5001 Not defined in file expand_doc_bib_avail.  |f 1  |g 0  |h N  |i 0  |k 1 
999 |a From the UDN01 
AVA |a UDN50  |b LSP  |d 378.107 ĐO-B  |e available  |t Error 5001 Not defined in file expand_doc_bib_avail.  |f 1  |g 0  |h N  |i 0  |k 1 
TYP |a Monograph 
TYP |a Printed language 
980 |a Mạng thư viện Đại học Đà Nẵng